Mystery and Imagination (Record no. 6249)

MARC details
000 -LEADER
fixed length control field 00591nam a2200241 a 4500
020 ## - INTERNATIONAL STANDARD BOOK NUMBER
ISBN 0281342
082 00 - DEWEY DECIMAL CLASSIFICATION NUMBER
Classification number 201
Author Cutter HAN
100 ## - MAIN ENTRY--AUTHOR NAME
Author name Hanson, R P C
245 ## - TITLE STATEMENT
Title Mystery and Imagination
Sub title Reflections on Christianity
260 ## - PUBLICATION, DISTRIBUTION, ETC. (IMPRINT)
Place of publication London
Name of publisher SPCK
Year of publication 1976
300 ## - PHYSICAL DESCRIPTION
Number of Pages 113p
500 ## - GENERAL NOTE
General note includes index and biblioraphy
505 2# - FORMATTED CONTENTS NOTE
Formatted contents note Notes
650 ## - SUBJECT ADDED ENTRY--TOPICAL TERM
Topical Term Christianity
942 ## - ADDED ENTRY ELEMENTS (KOHA)
Koha item type Books
700 1# -
-- Hanson, R P C
Holdings
Collection code Home library Current library Date acquired Cost, normal purchase price Full call number Accession Number Koha item type
  Henry Martyn Institute Library Henry Martyn Institute Library 03/19/2007 153.00 201 HAN 010187 Books
                   Copyright © 2026 | Henry Martyn Institute | Hyderabad | TS-500052 | INDIA | Implemented by hmi.edu.in
Hit-Count:

Powered by Koha